Top 100 WWE wrestlers in 2k24 - Statistics

General Stats
  • This quiz has been taken 80 times
  • The average score is 24 of 100
Answer Stats
Hint Answer % Correct
97 Roman Reigns
98%
93 Cody Rhodes
94%
94 John Cena
84%
93 Seth Rollins
83%
86 Steve Austin
83%
94 The Rock
83%
95 Undertaker
83%
94 Hulk Hogan
78%
91 Randy Orton
72%
90 Jey Uso
69%
91 Triple H
67%
91 Andre The Giant
61%
90 CM Punk
61%
88 Rey Mysterio
59%
89 Drew Mcintyre
56%
87 Shawn Michaels
55%
93 Bret Hart
52%
90 Gunther
52%
89 Randy Savage
48%
89 Batista
45%
90 Bray Wyatt
45%
90 Logan Paul
44%
90 Eddie Guerrero
38%
89 Bobby Lashley
34%
89 Kurt Angle
34%
86 Sheamus
34%
87 Diesel
33%
86 Kevin Owens
33%
87 Sami Zayn
31%
92 Ultimate Warrior
31%
90 Yokozuna
28%
86 Damian Priest
27%
87 Finn Balor
27%
91 Bruno Sammartino
25%
89 JBL
25%
86 Mankind
25%
86 Solo Sikoa
25%
90 Rob Van Dam
23%
88 LA Knight
20%
87 Vader
17%
91 Dusty Rhodes
16%
87 Lex Luger
16%
87 Razor Ramon
16%
86 Umaga
14%
90 Randy Orton '15
13%
90 Roman Reigns '15
13%
96 The Rock '01
13%
86 Ken Shamrock
11%
88 Kevin Nash
11%
88 DDP
9%
89 John Cena '20
9%
89 Seth Rollins '15
9%
96 Steve Austin '01
9%
93 Undertaker '98
9%
92 Hollywood Hogan
8%
86 Jerry Lawler
8%
91 Muhammad Ali
8%
88 Ricky Steamboat
8%
87 Scott Hall
8%
89 Steve Austin '97
8%
92 Undertaker '03
8%
96 Undertaker '09
8%
89 Hulk Hogan '02
6%
86 Sandman
6%
89 Shawn Michaels '05
6%
93 Shawn Michaels '09
6%
87 Terry Funk
6%
91 Triple H '08
6%
91 Undertaker '20
6%
88 Bray Wyatt '20
5%
91 John Cena (nWo)
5%
89 John Cena (WM30)
5%
89 King Booker
5%
97 Roman Reigns '24
5%
92 The Fiend Bray Wyatt
5%
89 Triple H '14
5%
94 Undertaker '14
5%
91 Batista '08
3%
90 Bray Wyatt "Elite"
3%
87 Bray Wyatt (nWo)
3%
90 CM Punk (S.E.S)
3%
94 Hulk Hogan "Elite"
3%
94 Hulk Hogan "Ichiban"
3%
94 Juan Cena
3%
89 Randy Savage(slimjim)
3%
87 Rey Mysterio '06
3%
97 Roman Reigns "Elite"
3%
92 Superstar Billy Graham
3%
94 The Fiend '23
3%
95 The Rock '24
3%
96 The Rock "Elite"
3%
91 Cody Rhodes "Elite"
2%
87 Jean-Paul Levesque
2%
94 John Cena "Elite"
2%
87 Lex Luger(wolfpac)
2%
89 Randy Savage (Wolfpac)
2%
97 Roman Reigns (64 bit)
2%
87 Uncle Howdy '24
2%
88 Xavier Woods(64 bit)
2%
88 King Randy Savage
0%
No matching quizzes found
Score Distribution
Percent of People with Each Score
Percentile by Number Answered
Your Score History
You have not taken this quiz